000 00290nam a22001337a 4500
008 181102b xxu||||| |||| 00| 0 eng d
020 _a9780060530754
041 _aeng
080 _a710
100 _a45
101 _aART
245 _aArt A new History
_cJohnson.P
942 _2udc
_cBK
999 _c51756
_d51756